| 000 | 01928nam a2200277 a 4500 | ||
|---|---|---|---|
| 008 | 081128s2002 ||||||||||||||||| || u | ||
| 020 | _a1853839078 | ||
| 050 | _aTD 195.M5 Bre | ||
| 100 | _aMining , Minerals and Sustainable Develpment Assurance Group | ||
| 245 | 1 | 0 |
_aBreaking new ground: mining, minerals, and sustainable development _cthe report of the Mining , Minerals and Sustainable Develpment (MMSD) project |
| 260 |
_aLondon _bEarthscan _c2002 |
||
| 300 | _axxxiv, 441p.: ill. + CD-ROM | ||
| 350 | _a0.00 | ||
| 500 | _a1 CD Copy | ||
| 650 | _aSUSTAINABLE DEVELOPMENT--ARAB REGION | ||
| 650 | _aMINING | ||
| 650 | _aMineral industries--Environmental aspects | ||
| 710 | _aIIED | ||
| 995 |
_aMAIN LIBRARY OPEN ACCESS _D0.00 _e739225 _FCBU-MAIN LIBRARY (Kitwe) _H1 _I0.00 _jTD 195.M5 BRE _M1 _UAVAILABLE _WJan 29, 2009 _y739225 _ZMain Library Open Access Collection |
||
| 995 |
_aANNEX COLLECTION (Main Library) _D0.00 _e740950 _FCBU-MAIN LIBRARY (Kitwe) _H1 _I0.00 _jTD 195.M5 BRE _M5 _UAVAILABLE _WMar 5, 2010 _y740950 _ZAnnex Low-Usage Collection |
||
| 995 |
_aANNEX COLLECTION (Main Library) _D0.00 _e739227 _FCBU-MAIN LIBRARY (Kitwe) _H1 _I0.00 _jTD 195.M5 BRE _M3 _UAVAILABLE _WJan 29, 2009 _y739227 _ZAnnex Low-Usage Collection |
||
| 995 |
_aANNEX COLLECTION (Main Library) _D0.00 _e739226 _FCBU-MAIN LIBRARY (Kitwe) _H1 _I0.00 _jTD 195.M5 BRE _M2 _UAVAILABLE _WJan 29, 2009 _y739226 _ZAnnex Low-Usage Collection |
||
| 995 |
_aANNEX COLLECTION (Main Library) _D0.00 _e740951 _FCBU-MAIN LIBRARY (Kitwe) _H1 _I0.00 _jTD 195.M5 BRE _M6 _UAVAILABLE _WMar 5, 2010 _y740951 _ZAnnex Low-Usage Collection |
||
| 995 |
_aANNEX COLLECTION (Main Library) _D0.00 _e739228 _FCBU-MAIN LIBRARY (Kitwe) _H1 _I0.00 _jTD 195.M5 BRE _M4 _UAVAILABLE _WJan 29, 2009 _y739228 _ZAnnex Low-Usage Collection |
||
| 995 |
_aMAIN LIBRARY OPEN ACCESS _D0.00 _e740952 _FCBU-MAIN LIBRARY (Kitwe) _H1 _I0.00 _jTD 195.M5 BRE _M7 _UAVAILABLE _WMar 5, 2010 _y740952 _ZMain Library Open Access Collection |
||
| 999 |
_c81185 _d81185 |
||